Planning and managing change (Record no. 375627)

000 -LEADER
fixed length control field 00427cam a22001457a 4500
008 - FIXED-LENGTH DATA ELEMENTS--GENERAL INFORMATION
fixed length control field 180718b1993 xxu||||| |||| 00| 0 eng d
020 ## - INTERNATIONAL STANDARD BOOK NUMBER
International Standard Book Number 0749411430
082 ## - DEWEY DECIMAL CLASSIFICATION NUMBER
Classification number I5 P694
245 ## - TITLE STATEMENT
Title Planning and managing change
Statement of responsibility, etc. by Manchester Open Learning, U.K.
260 ## - PUBLICATION, DISTRIBUTION, ETC.
Place of publication, distribution, etc. London
Name of publisher, distributor, etc. Kogan Page
Date of publication, distribution, etc. 1993
300 ## - PHYSICAL DESCRIPTION
Extent 93p.
440 ## - SERIES STATEMENT/ADDED ENTRY--TITLE
Title The management action guides series
650 ## - SUBJECT ADDED ENTRY--TOPICAL TERM
Topical term or geographic name entry element Management
700 ## - ADDED ENTRY--PERSONAL NAME
Personal name U.K. Manchester Open Learning
Holdings
Withdrawn status Lost status Damaged status Not for loan Permanent Location Current Location Date acquired Full call number Barcode Date last seen Price effective from Koha item type
        Indian Institute of Public Administration Indian Institute of Public Administration 1994-08-30 I5 P694 68213 2018-07-21 2018-07-21 Book

Powered by Koha